00910 a2200193 4500040001300000082001200013100002700025245009300052260004100145300003600186500002000222650002500242650004300267650005300310942002500363999001500388952016000403952015300563 aDLCbDLC00a621.3921 aCavanagh, Joseph J. F.10aVeriIog HDL: digital design and modeling bdigital design and modeling cJoseph Cavanagh aBoca Raton, FL :bCRC Press,cc2007. axviii, 900 p. :bill. ;c26 cm. aIncludes index. 0aDigital electronics. 0aLogic circuitsxComputer-aided design. 0aVerilog (Computer hardware description language) cBKk621.392 CAV2ddc c9829d9829 001040708NFICaCLbCLcGENd2007-12-31eProgressive International Agenciesg5887.40l9o621.392 CAVpSEECS008863r2024-08-19s2024-03-20w2017-01-05yBK 00102ddc4070aCLbCLcGENd2007-09-15eA & J Def Tek Concultantsg5702.75l3m1o621.392 CAVpSEECS008593r2024-04-01s2024-03-22w2017-01-05yBK